Kluby w Bundeslidze 2024/2025 - Statystyki

Ogólne statystyki
  • Ten quiz został rozwiązany 101 razy
  • Średni wynik to 11 z 18
Statystyki odpowiedzi
Klub % Poprawnych
Bayern Monachium
99%
Bayer Leverkusen
97%
Borussia Dortmund
97%
Eintracht Frankfurt
76%
RB Lipsk
72%
VfB Stuttgart
69%
Union Berlin
68%
VfL Wolfsburg
63%
Werder Brema
58%
SC Freiburg
56%
Borussia Mönchengladbach
54%
1. FSV Mainz 05
53%
Augsburg
49%
VfL Bochum
49%
TSG Hoffenheim
46%
FC Heidenheim
43%
FC St. Pauli
40%
Holstein Kiel
35%
Nie znaleziono quizów pasujących do podanych kryteriów
Rozkład punktacji
Procent ludzi z każdym wynikiem
Percentyl według liczby udzielonych odpowiedzi
Twoja historia wyników
Nie rozwiązałeś tego quizu